| 000 | 00498cam a2200193ua 4500 | ||
|---|---|---|---|
| 001 | 1031 | ||
| 008 | 110426n ii |||gr||||Z||||||eng | ||
| 020 | _a81-7169-534-5 | ||
| 040 | _cMAIN | ||
| 082 | _a320.53150954 | ||
| 245 | 1 |
_aCrisis of indian democracy _cby S K Khanna |
|
| 250 | _a1st. | ||
| 260 |
_aDelhi: _bCommonwealth publication,998. |
||
| 300 | _avi, 324p.:5cm. | ||
| 653 | _aPolitical science | ||
| 653 | _aCrisis of indian democracy | ||
| 700 |
_aKhanna, S K., _eAuthor. |
||
| 942 | _cBK | ||
| 999 |
_c948 _d948 |
||